000 00607nam a2200205Ia 4500
003 GCL
008 140319s9999 xx 000 0 ara d
040 _aGCL /
_cGCL
082 0 4 _a935
_bح ا
100 1 _aحامد عبدالقادر
245 1 0 _aالامم السامية مصادر تاريخها وحضابتها /
_cحامد عبدالقادر
700 1 _aعونى عبدالرؤوف
300 _a150
490 _aكتاب
_v0
650 0 4 _aالعبرانيون
650 0 4 _aالبابليون
650 0 4 _aالتاريخ القديم
650 0 4 _aالاشوريون
942 _2ddc
_cBK
999 _c42534
_d42534